Statistiche per Riconosci lo Stato - Quiz n°130

Clicka qui per fare il quiz!

Statistiche generali

  • Questo quiz è stato fatto 9 volte
  • Il punteggio medio è 12 su 13

Statistiche sulle risposte

IndizioRisposta% Corretto
Indipendenza15 agosto 1971 dal Regno Unito
100%
ValutaDinaro
100%
ReHamad bin Isa Al Khalifa
100%
Iniziale della CapitaleM
100%
Popolazione1.425.000 ab.
89%
Superficie765,3 km²
89%
Forma di GovernoMonarchia costituzionale
89%
Primo ministroSalman bin Hamad Al Khalifa
89%
Fuso OrarioUTC+3
89%
ISU0,806
78%
Tasso di crescita2,652%
78%
PIL (nominale)27 117 milioni di $
78%
RispostaBahrein
78%

Distribuzione punteggi

Percentile per numero di risposta

Percentuale di utenti per punteggio

I tuoi punteggi nel tempo

Non hai fatto questo quiz